000 00586nam a2200229 a 4500
999 _c11788
_d11788
001 11788
003 BD-JhCC
005 20201015082545.0
008 201014r2018 ii a|||| ||a| 001 0 eng d
020 _a9789380069357
035 _a(BD-JhCC)11788
040 _aBD-JhCC
_dBD-JhCC
041 _aeng
082 _a032.02
_bWON 2018
245 _a365 Wonders Of The World /
260 _aIndia :
_bOm Books International;
_c2018.
300 _a227 p. :
_billus.;
_c36 cm.
490 _a365
650 _aCuriosities and wonders
_zHistoric sites
942 _2ddc
_cBK